000 00621nam a2200193Ia 4500
003 GCL
008 140319s9999 xx 000 0 ara d
040 _aGCL /
_cGCL
082 0 4 _a001.6403
_bم م
100 1 _aمحمد محمد الهادى
245 1 0 _aالمعجم الشارح لمصطلحات الكمبيوتر انجليزى - عربى /
_cمحمد محمد الهادى
260 _a[S.N] :
_bدار المريخ للنشر ،
_c1988
300 _a402 ص
490 _a
650 0 4 _aالحاسبات الالكترونية
650 0 4 _aالقواميس
650 0 4 _aمصطلحات
942 _2ddc
_cBK
999 _c32132
_d32132